000 00334nam a2200145Ia 4500
003 OSt
005 20240229101656.0
008 170524s9999 xx 000 0 und d
020 _a9789381467084
040 _ciimtu meerut
100 _aRajender
245 0 _aSamvad aur Samvadata
260 _bCHANDIGAUR HARIYANANA
942 _2ddc
_c02
999 _c8958
_d8958